[Event "Titled Tuesday intern op 04th Feb Late"]
[Site "Chess.com INT"]
[Date "2025.02.04"]
[Round "2"]
[White "Pantelic, Sasa"]
[Black "Petukhov, Dmitry"]
[Result "1-0"]
[WhiteElo "2122"]
[BlackElo "2350"]
[PlyCount "95"]
[EventDate "2025.02.04"]
[EventType "swiss (blitz)"]
[EventRounds "11"]
[EventCountry "USA"]
[SourceTitle "CB07_2025"]
[SourceDate "2025.02.12"]
[SourceVersion "1"]
[SourceVersionDate "2025.02.12"]
[SourceQuality "1"]

1. e4 c5 2. Nf3 d6 3. d4 cxd4 4. Nxd4 Nf6 5. Nc3 Nc6 6. Bg5 Bd7 7. Qd2 Rc8 8. 0-0-0 Nxd4 9. Qxd4 Qa5 10. f4 Rxc3 11. bxc3 e5 12. Qb4 Qxb4 13. cxb4 Nxe4 14. Bh4 g5 15. fxg5 Be7 16. Re1 Nxg5 17. Bc4 Bc6 18. b5 Bxg2 19. Rhg1 Nf3 20. Rxg2 Bxh4 21. Rf1 e4 22. Re2 Bg5+ 23. Kb2 Nd2 24. Bxf7+ Ke7 25. Rf5 Bh6 26. Bd5 e3 27. Rf7+ Ke8 28. Rxb7 Rf8 29. Rxa7 Rf1 30. Kc3 Rb1 31. Bb3 Ne4+ 32. Kd4 Nc5 33. b6 Kd8 34. Rxe3 Bxe3+ 35. Kxe3 h5 36. b7 Kc7 37. Ra8 Kxb7 38. Rh8 Re1+ 39. Kd4 Re5 40. Rh6 Kb6 41. Rxd6+ Kc7 42. Kxe5 Nd7+ 43. Rxd7+ Kxd7 44. Kf5 h4 45. Kg4 h3 46. Kxh3 Kd6 47. Kg4 Ke5 48. a4 1-0

[Event "Vladivostok Eastern Economic Forum"]
[Site "Vladivostok"]
[Date "2024.09.03"]
[Round "1"]
[White "Petukhov, Dmitry"]
[Black "Ponkratov, Pavel"]
[Result "0-1"]
[WhiteElo "2350"]
[BlackElo "2564"]
[PlyCount "78"]
[EventDate "2024.09.03"]
[EventType "swiss (rapid)"]
[EventRounds "11"]
[EventCountry "RUS"]
[SourceTitle "EXT 2025"]
[Source "ChessBase"]
[SourceDate "2024.10.14"]
[SourceVersion "1"]
[SourceVersionDate "2024.10.14"]
[SourceQuality "1"]

1. e4 c5 2. c3 d5 3. exd5 Nf6 4. Nf3 Nxd5 5. d4 cxd4 6. cxd4 Nc6 7. Nc3 g6 8. Qb3 Nxc3 9. bxc3 Bg7 10. Be2 0-0 11. 0-0 Qc7 12. Be3 Na5 13. Qb4 b6 14. c4 Bb7 15. Rac1 e6 16. c5 Bd5 17. Ne5 Qb7 18. f3 Rfc8 19. Rb1 Rab8 20. Qa3 Qe7 21. Ba6 Rd8 22. Rfc1 Nc6 23. Qb2 h5 24. Qf2 Nxe5 25. dxe5 Bxe5 26. cxb6 axb6 27. Bxb6 Rxb6 28. Qxb6 Bxa2 29. Rb4 Kg7 30. Qa5 Qg5 31. Qa3 Rd2 32. Bf1 Bd5 33. Rc8 Ra2 34. Qc1 Qe7 35. Qe1 Qd6 36. Qh4 Ra1 37. Rbb8 Bb7 38. Rg8+ Kh7 39. Qc4 Qd4+ 0-1

[Event "Titled Tuesday intern op 23rd Jul Early"]
[Site "Chess.com INT"]
[Date "2024.07.23"]
[Round "5"]
[White "Brancaleoni, Maurizio"]
[Black "Petukhov, Dmitry"]
[Result "1/2-1/2"]
[WhiteElo "2180"]
[BlackElo "2350"]
[PlyCount "256"]
[EventDate "2024.07.23"]
[EventType "swiss (blitz)"]
[EventRounds "11"]
[EventCountry "USA"]
[SourceTitle "EXT 2025"]
[Source "ChessBase"]
[SourceDate "2024.10.14"]
[SourceVersion "1"]
[SourceVersionDate "2024.10.14"]
[SourceQuality "1"]

1. Nf3 Nf6 2. c4 g6 3. b3 Bg7 4. Bb2 0-0 5. g3 c6 6. Bg2 d5 7. 0-0 Be6 8. d3 Qc8 9. Nbd2 Bh3 10. Rc1 Bxg2 11. Kxg2 dxc4 12. Nxc4 Nbd7 13. b4 Nb6 14. Qb3 Nxc4 15. Rxc4 Qe6 16. Qc2 a5 17. a3 axb4 18. Rxb4 b5 19. Nd4 Qd5+ 20. e4 Qh5 21. Nxc6 Rfe8 22. h3 Bf8 23. Ne5 Rec8 24. Qd1 Qxd1 25. Rxd1 Rc2 26. Rxb5 e6 27. Rc1 Rxc1 28. Bxc1 Bxa3 29. Bxa3 Rxa3 30. Rb8+ Kg7 31. Rb7 Ne8 32. Rxf7+ Kg8 33. Re7 Nd6 34. Rxe6 Nb5 35. Re7 Nd4 36. Rd7 Ne6 37. Ng4 Kf8 38. d4 Rd3 39. d5 Nc5 40. Rxh7 Nxe4 41. Ne5 Rd2 42. Rf7+ Ke8 43. Rf4 Nc5 44. Nxg6 Rxd5 45. h4 Ne6 46. Re4 Kf7 47. Nf4 Nxf4+ 48. Rxf4+ Kg6 49. Rg4+ Kh6 50. Rg5 Ra5 51. Rg4 Ra6 52. Rf4 Re6 53. Rf3 Kh5 54. Re3 Rd6 55. Re4 Rd5 56. Kh3 Rd1 57. Re5+ Kg6 58. f4 Kf6 59. Kg4 Kg6 60. Rg5+ Kh6 61. Rb5 Rd6 62. Rf5 Rc6 63. Re5 Rd6 64. Re4 Rg6+ 65. Kf3 Rb6 66. f5 Kh5 67. Kf4 Rb1 68. Ke5 Rg1 69. g4+ Kxh4 70. f6 Kg5 71. f7 Rf1 72. Ke6 Kg6 73. Re5 Rf6+ 74. Kd5 Rxf7 75. Ke4 Rf1 76. Rd5 Kf6 77. Rc5 Kg6 78. Rb5 Kf6 79. Ke3 Kg6 80. Ke2 Rf7 81. Ke3 Rf1 82. Ra5 Rf8 83. Ra6+ Kg5 84. Ra4 Rf1 85. Ke2 Rf8 86. Ke3 Rf7 87. Rb4 Rf6 88. Ke2 Rf7 89. Rc4 Rf6 90. Ke3 Rf8 91. Rc7 Kxg4 92. Rg7+ Kf5 93. Rg1 Ke5 94. Rg5+ Kf6 95. Rg2 Re8+ 96. Kf4 Rb8 97. Re2 Rb4+ 98. Kf3 Kf5 99. Kf2 Kf4 100. Rd2 Rc4 101. Rb2 Ra4 102. Rc2 Rb4 103. Rd2 Rc4 104. Re2 Rb4 105. Rc2 Ra4 106. Rb2 Rc4 107. Rd2 Ra4 108. Re2 Rc4 109. Rd2 Rb4 110. Rc2 Ra4 111. Re2 Kg4 112. Rc2 Rf4+ 113. Kg2 Rd4 114. Ra2 Rc4 115. Rb2 Rf4 116. Rc2 Rb4 117. Rd2 Ra4 118. Rb2 Rc4 119. Rf2 Rf4 120. Re2 Rc4 121. Rd2 Re4 122. Rc2 Rb4 123. Ra2 Rc4 124. Rf2 Rf4 125. Rd2 Re4 126. Rc2 Rf4 127. Rb2 Re4 128. Ra2 Rc4 1/2-1/2

[Event "Titled Tuesday intern op 23rd Jul Early"]
[Site "Chess.com INT"]
[Date "2024.07.23"]
[Round "4"]
[White "Petukhov, Dmitry"]
[Black "Gorovets, Andrey"]
[Result "0-1"]
[WhiteElo "2350"]
[BlackElo "2480"]
[PlyCount "48"]
[EventDate "2024.07.23"]
[EventType "swiss (blitz)"]
[EventRounds "11"]
[EventCountry "USA"]
[SourceTitle "EXT 2025"]
[Source "ChessBase"]
[SourceDate "2024.10.14"]
[SourceVersion "1"]
[SourceVersionDate "2024.10.14"]
[SourceQuality "1"]

1. e4 c6 2. d4 d5 3. Nd2 dxe4 4. Nxe4 Nf6 5. Nxf6+ exf6 6. c3 Bd6 7. Bd3 0-0 8. Qh5 Re8+ 9. Ne2 g6 10. Qh4 c5 11. 0-0 Nc6 12. Be3 Be7 13. Rad1 f5 14. Qg3 Bd6 15. Bf4 Bxf4 16. Qxf4 cxd4 17. Nxd4 Nxd4 18. cxd4 Be6 19. b3 Rc8 20. Bb5 Re7 21. Rfe1 a6 22. Be2 Rd7 23. Bf3 g5 24. Qg3 f4 0-1

[Event "Titled Tuesday intern op 02nd Jan Early"]
[Site "Chess.com INT"]
[Date "2024.01.02"]
[Round "1"]
[White "Praggnanandhaa, Rameshbabu"]
[Black "Petukhov, Dmitry"]
[Result "0-1"]
[WhiteElo "2743"]
[BlackElo "2350"]
[PlyCount "74"]
[EventDate "2024.01.02"]
[EventType "swiss (blitz)"]
[EventRounds "11"]
[EventCountry "USA"]
[SourceTitle "EXT 2025"]
[Source "ChessBase"]
[SourceDate "2024.10.14"]
[SourceVersion "1"]
[SourceVersionDate "2024.10.14"]
[SourceQuality "1"]

1. d4 Nf6 2. Bg5 g6 3. e3 Bg7 4. Nd2 d5 5. Ngf3 0-0 6. Be2 c5 7. c3 Nc6 8. 0-0 Bf5 9. dxc5 e5 10. b4 a6 11. a4 h6 12. Bh4 g5 13. Bg3 d4 14. exd4 exd4 15. Nxd4 Nxd4 16. cxd4 Qxd4 17. Nc4 Ne4 18. Qb3 a5 19. Rad1 Qc3 20. Rd3 Qxb4 21. Qxb4 axb4 22. Rb3 Rxa4 23. Nb6 Ra2 24. Bf3 Nd2 25. Rxb4 Nxf1 26. Bd6 Re8 27. Ra4 Rxa4 28. Nxa4 Re1 29. h3 h5 30. Bxb7 h4 31. g4 Be6 32. Nb6 Rb1 33. Be4 Rc1 34. Bb7 Bd4 35. Kg2 Nd2 36. Na4 Bb3 37. c6 Bd5+ 0-1

[Event "Titled Tuesday intern op 02nd Jan Early"]
[Site "Chess.com INT"]
[Date "2024.01.02"]
[Round "10"]
[White "Rakitin, Daniil"]
[Black "Petukhov, Dmitry"]
[Result "1-0"]
[WhiteElo "2206"]
[BlackElo "2350"]
[PlyCount "133"]
[EventDate "2024.01.02"]
[EventType "swiss (blitz)"]
[EventRounds "11"]
[EventCountry "USA"]
[SourceTitle "EXT 2025"]
[Source "ChessBase"]
[SourceDate "2024.10.14"]
[SourceVersion "1"]
[SourceVersionDate "2024.10.14"]
[SourceQuality "1"]

1. e4 c5 2. Nf3 d6 3. d4 cxd4 4. Nxd4 Nf6 5. Nc3 Nc6 6. Be2 e5 7. Nb3 Be6 8. g4 d5 9. exd5 Nxd5 10. Ne4 Be7 11. c3 0-0 12. Nec5 Qb6 13. Nxe6 fxe6 14. 0-0 Bh4 15. Bf3 Rad8 16. Qe2 Nf4 17. Qc4 Bxf2+ 18. Kh1 Kh8 19. Qe4 h6 20. Bd2 Rf6 21. Rad1 Rdf8 22. Bc1 Nh3 23. Bg2 Ng5 24. Qe2 Qc7 25. Be3 Bxe3 26. Qxe3 e4 27. Rxf6 Rxf6 28. Rf1 Qe5 29. Rxf6 Qxf6 30. Nd2 Ne5 31. h3 Ngf3 32. Nxe4 Qf7 33. Bxf3 Nxf3 34. Kg2 Nh4+ 35. Kg3 Ng6 36. Kg2 Qc7 37. Qf2 Qe5 38. Qd4 Nh4+ 39. Kf2 Qf4+ 40. Ke2 Kh7 41. Qe3 Qh2+ 42. Kd3 Ng2 43. Qf2 Nf4+ 44. Ke3 Qxf2+ 45. Nxf2 e5 46. Ke4 Ng6 47. c4 Kg8 48. h4 Kf7 49. h5 Nf4 50. Kxe5 Ne2 51. Ne4 Nc1 52. Nd6+ Ke7 53. Nxb7 Nd3+ 54. Kd4 Nxb2 55. c5 Kd7 56. Nd6 Nd1 57. Ke5 Ne3 58. Kf4 Nd5+ 59. Kg3 Kc6 60. Nf5 Kxc5 61. Nxg7 Nb4 62. Nf5 Nxa2 63. Nxh6 Nc3 64. Nf7 Ne4+ 65. Kf4 Nf6 66. h6 a5 67. g5 1-0

[Event "Titled Tuesday intern op 26th Dec Late"]
[Site "Chess.com INT"]
[Date "2023.12.26"]
[Round "7"]
[White "Ozates, Tuna"]
[Black "Petukhov, Dmitry"]
[Result "1-0"]
[WhiteElo "2309"]
[BlackElo "2350"]
[PlyCount "99"]
[EventDate "2023.12.26"]
[EventType "swiss (blitz)"]
[EventRounds "11"]
[EventCountry "USA"]
[SourceTitle "EXT 2025"]
[Source "ChessBase"]
[SourceDate "2024.10.14"]
[SourceVersion "1"]
[SourceVersionDate "2024.10.14"]
[SourceQuality "1"]

1. e4 c5 2. Nf3 d6 3. Bb5+ Nc6 4. 0-0 Bd7 5. Re1 a6 6. Bf1 e5 7. c3 Bg4 8. d3 Be7 9. Nbd2 g5 10. a4 h5 11. Qc2 h4 12. h3 Be6 13. Nh2 Nf6 14. Be2 Qd7 15. Ndf1 g4 16. hxg4 Nxg4 17. Bxg4 Bxg4 18. Ne3 Be6 19. Nd5 Bd8 20. f4 Rg8 21. Qf2 Bh3 22. Re2 exf4 23. Nxf4 Ne5 24. d4 Ng4 25. Nxg4 Bxg4 26. Re3 cxd4 27. cxd4 Bb6 28. Rb3 Ba7 29. Nd5 0-0-0 30. Bf4 Kb8 31. e5 Bh3 32. Rxh3 Qxh3 33. exd6 Bxd4 34. d7+ Ka8 35. Nc7+ Kb8 36. Nb5+ Ka8 37. Nc7+ Kb8 38. Nxa6+ Ka8 39. Nc7+ Kb8 40. Nb5+ Ka8 41. Nxd4 Rxd7 42. Nb5 b6 43. a5 Kb7 44. Qxb6+ Kc8 45. Qc6+ Kd8 46. Qa8+ Ke7 47. Qxg8 Qf5 48. Re1+ Kf6 49. Qh8+ Kg6 50. Qh6# 1-0

[Event "Titled Tuesday intern op 26th Dec Late"]
[Site "Chess.com INT"]
[Date "2023.12.26"]
[Round "11"]
[White "Petukhov, Dmitry"]
[Black "Banzea, Alexandru Bogdan"]
[Result "1-0"]
[WhiteElo "2350"]
[BlackElo "2394"]
[PlyCount "103"]
[EventDate "2023.12.26"]
[EventType "swiss (blitz)"]
[EventRounds "11"]
[EventCountry "USA"]
[SourceTitle "EXT 2025"]
[Source "ChessBase"]
[SourceDate "2024.10.14"]
[SourceVersion "1"]
[SourceVersionDate "2024.10.14"]
[SourceQuality "1"]

1. e4 c6 2. d4 d5 3. Nd2 dxe4 4. Nxe4 Nf6 5. Nxf6+ exf6 6. c3 Bd6 7. Bd3 0-0 8. Qh5 Re8+ 9. Ne2 g6 10. Qh4 Nd7 11. 0-0 Nf8 12. Re1 Ne6 13. Nf4 f5 14. Qxd8 Rxd8 15. Nxe6 Bxe6 16. b3 c5 17. Bc4 Bxc4 18. bxc4 cxd4 19. cxd4 Bb4 20. Rd1 Bc3 21. Rb1 Bxd4 22. Bg5 f6 23. Be3 Bxe3 24. fxe3 b6 25. Kf2 Kf7 26. c5 Rxd1 27. Rxd1 bxc5 28. Rd7+ Ke6 29. Rxh7 Kd5 30. Rf7 Ke6 31. Rb7 Kd6 32. Ke2 Ke6 33. Kd3 Rd8+ 34. Kc3 Rh8 35. h3 Ke5 36. Rxa7 Ke4 37. Re7+ Kd5 38. Rf7 Ra8 39. Rxf6 Rxa2 40. Rxg6 Ke4 41. Re6+ Kd5 42. Rg6 Ke4 43. Rg3 Ra4 44. Rf3 Ra3+ 45. Kc4 Ra5 46. h4 Ke5 47. h5 Ra4+ 48. Kxc5 Rh4 49. Rh3 Rxh3 50. gxh3 Kf6 51. Kd5 Kg5 52. Ke5 1-0

[Event "Titled Tuesday intern op 19th Dec Late"]
[Site "Chess.com INT"]
[Date "2023.12.19"]
[Round "3"]
[White "Zeynalov, Rashad"]
[Black "Petukhov, Dmitry"]
[Result "1-0"]
[WhiteElo "2127"]
[BlackElo "2350"]
[PlyCount "61"]
[EventDate "2023.12.19"]
[EventType "swiss (blitz)"]
[EventRounds "11"]
[EventCountry "USA"]
[SourceTitle "EXT 2025"]
[Source "ChessBase"]
[SourceDate "2024.10.14"]
[SourceVersion "1"]
[SourceVersionDate "2024.10.14"]
[SourceQuality "1"]

1. d4 Nf6 2. Bf4 g6 3. e3 Bg7 4. Nf3 0-0 5. Be2 d6 6. h3 Re8 7. 0-0 Nbd7 8. c4 c5 9. Nc3 b6 10. d5 Nf8 11. Qc2 h6 12. Rad1 Bf5 13. e4 Bc8 14. e5 N6h7 15. exd6 exd6 16. Nb5 Bf5 17. Bd3 Bxh3 18. Nxd6 Qf6 19. Nxe8 Rxe8 20. Bg3 Bg4 21. Rfe1 Rxe1+ 22. Rxe1 Bxf3 23. gxf3 Ng5 24. Be4 Nfh7 25. Kg2 Nxe4 26. Qxe4 Ng5 27. Qf4 Qxb2 28. d6 Bf6 29. d7 Kg7 30. Qxf6+ Qxf6 31. Be5 1-0

[Event "Titled Tuesday intern op 12th Dec Late"]
[Site "Chess.com INT"]
[Date "2023.12.12"]
[Round "1"]
[White "Erigaisi, Arjun Kumar"]
[Black "Petukhov, Dmitry"]
[Result "1-0"]
[WhiteElo "2727"]
[BlackElo "2350"]
[PlyCount "57"]
[EventDate "2023.12.12"]
[EventType "swiss (blitz)"]
[EventRounds "11"]
[EventCountry "USA"]
[SourceTitle "EXT 2025"]
[Source "ChessBase"]
[SourceDate "2024.10.14"]
[SourceVersion "1"]
[SourceVersionDate "2024.10.14"]
[SourceQuality "1"]

1. Nf3 Nf6 2. c4 g6 3. g3 Bg7 4. Bg2 0-0 5. 0-0 c6 6. b3 d5 7. Bb2 Bf5 8. d3 Na6 9. Nbd2 Nc5 10. b4 Ncd7 11. a4 a5 12. b5 Re8 13. bxc6 bxc6 14. Nd4 Qb6 15. Rb1 Qa6 16. Qc2 Rac8 17. Rfc1 Nc5 18. Nxf5 gxf5 19. Nf3 e6 20. Bd4 Nfd7 21. Bxg7 Kxg7 22. Qd2 f6 23. Nd4 Qa7 24. Qe3 Nf8 25. h4 Qe7 26. cxd5 cxd5 27. Bxd5 Nxa4 28. Rxc8 Rxc8 29. Nxf5+ 1-0

[Event "Titled Tuesday intern op 05th Dec Late"]
[Site "Chess.com INT"]
[Date "2023.12.05"]
[Round "4"]
[White "Petukhov, Dmitry"]
[Black "Rosen, Eric S"]
[Result "1-0"]
[WhiteElo "2350"]
[BlackElo "2361"]
[PlyCount "133"]
[EventDate "2023.12.05"]
[EventType "swiss (blitz)"]
[EventRounds "11"]
[EventCountry "USA"]
[SourceTitle "EXT 2025"]
[Source "ChessBase"]
[SourceDate "2024.10.14"]
[SourceVersion "1"]
[SourceVersionDate "2024.10.14"]
[SourceQuality "1"]

1. e4 c5 2. c3 d5 3. exd5 Qxd5 4. d4 Nf6 5. Nf3 e6 6. Be2 Nc6 7. 0-0 Be7 8. Be3 cxd4 9. cxd4 0-0 10. Nc3 Qd6 11. Qb3 Nb4 12. Rfd1 b6 13. Ne5 Bb7 14. a3 Nbd5 15. Bf3 Rac8 16. Nb5 Qb8 17. Rac1 Rfd8 18. h3 a6 19. Nc3 b5 20. Ne4 Rxc1 21. Bxc1 Nxe4 22. Bxe4 Nf6 23. Bb1 Bd5 24. Qg3 Be4 25. Bf4 Qb7 26. Ba2 Nh5 27. Qg4 Nxf4 28. Qxf4 Bf6 29. Ng4 Bxd4 30. Qg5 Bxf2+ 31. Nxf2 Rxd1+ 32. Nxd1 h6 33. Qd2 a5 34. Nf2 Bc6 35. Ng4 b4 36. axb4 axb4 37. Bb3 Qb6+ 38. Kh1 Qc5 39. Bc2 Qe7 40. Ne5 Bd5 41. b3 g6 42. Qd3 Kg7 43. Nxg6 fxg6 44. Qxg6+ Kf8 45. Qxh6+ Ke8 46. Qg6+ Kd7 47. Bd3 Kd6 48. Bb5 Kc5 49. Ba4 Qh4 50. Qc2+ Kd6 51. Qe2 Qxh3+ 52. Kg1 Qg3 53. Qf2 Qe5 54. Qb6+ Ke7 55. Qc5+ Kf6 56. Qxb4 Qe1+ 57. Qxe1 Ke7 58. Qb4+ Kf6 59. Qd4+ Ke7 60. Bb5 Bxb3 61. Bc4 Bc2 62. Qc5+ Kf6 63. Bxe6 Bd3 64. Qd4+ Kg5 65. Qxd3 Kh4 66. Qf5 Kg3 67. Qg4# 1-0

[Event "Titled Tuesday intern op 21st Nov Late"]
[Site "Chess.com INT"]
[Date "2023.11.21"]
[Round "7"]
[White "Batsiashvili, Nino"]
[Black "Petukhov, Dmitry"]
[Result "1-0"]
[WhiteElo "2487"]
[BlackElo "2350"]
[PlyCount "135"]
[EventDate "2023.11.21"]
[EventType "swiss (blitz)"]
[EventRounds "11"]
[EventCountry "USA"]
[SourceTitle "EXT 2025"]
[Source "ChessBase"]
[SourceDate "2024.10.14"]
[SourceVersion "1"]
[SourceVersionDate "2024.10.14"]
[SourceQuality "1"]

1. e4 c5 2. Nf3 d6 3. c3 Nf6 4. Bd3 Nc6 5. 0-0 e5 6. h3 Be7 7. Bc2 g5 8. d4 cxd4 9. cxd4 g4 10. Nh4 gxh3 11. dxe5 hxg2 12. Nxg2 dxe5 13. Qxd8+ Bxd8 14. Nc3 Rg8 15. Kh1 Bh3 16. Rg1 Ng4 17. Nd1 Bb6 18. Nge3 0-0-0 19. Rg3 Nxe3 20. Nxe3 Rxg3 21. fxg3 Nd4 22. Bd1 Bd7 23. Nd5 Bc6 24. Ne7+ Kc7 25. Nxc6 Nxc6 26. Bg5 Rg8 27. Bh4 Bc5 28. Bh5 Be7 29. Bxf7 Rg7 30. Bd5 Bxh4 31. gxh4 Rg4 32. Rf1 Rxh4+ 33. Kg2 Rg4+ 34. Kh3 Rg7 35. Rf5 Kd6 36. Rf6+ Kc5 37. Bxc6 bxc6 38. Re6 Kd4 39. Rxc6 Kxe4 40. b4 Kd3 41. Rd6+ Ke3 42. b5 e4 43. a4 Ke2 44. a5 e3 45. b6 axb6 46. axb6 Ke1 47. Rc6 e2 48. Rc7 Rg6 49. b7 Rb6 50. Kg2 Kd2 51. Rd7+ Ke1 52. Rxh7 Rg6+ 53. Kf3 Rg8 54. Re7 Rf8+ 55. Kg2 Rd8 56. Rc7 Rb8 57. Rd7 Rg8+ 58. Kh2 Rf8 59. Kg2 Rg8+ 60. Kh2 Kf2 61. Rf7+ Ke3 62. Re7+ Kd3 63. Rd7+ Kc2 64. Re7 Kd1 65. Rd7+ Ke1 66. Rc7 Rd8 67. Rc8 Rd6 68. b8Q 1-0

[Event "Titled Tuesday intern op 21st Nov Late"]
[Site "Chess.com INT"]
[Date "2023.11.21"]
[Round "2"]
[White "Petukhov, Dmitry"]
[Black "Skvortsov, Andrei"]
[Result "1-0"]
[WhiteElo "2350"]
[BlackElo "2294"]
[PlyCount "113"]
[EventDate "2023.11.21"]
[EventType "swiss (blitz)"]
[EventRounds "11"]
[EventCountry "USA"]
[SourceTitle "EXT 2025"]
[Source "ChessBase"]
[SourceDate "2024.10.14"]
[SourceVersion "1"]
[SourceVersionDate "2024.10.14"]
[SourceQuality "1"]

1. e4 c5 2. c3 a6 3. d4 cxd4 4. cxd4 d5 5. exd5 Nf6 6. Nc3 Nxd5 7. Bc4 Be6 8. Qb3 Nxc3 9. Bxe6 fxe6 10. bxc3 Qd5 11. Nf3 Nd7 12. c4 Qe4+ 13. Be3 g5 14. 0-0 h6 15. d5 exd5 16. Qxb7 Rb8 17. Qxd5 Qxd5 18. cxd5 Bg7 19. Bd4 Nf6 20. Rfe1 Rd8 21. Bxf6 Bxf6 22. Rad1 Rd6 23. Ne5 0-0 24. Nc6 Kf7 25. g4 h5 26. h3 Rh8 27. Kg2 hxg4 28. hxg4 Rh4 29. f3 Rh8 30. Kg3 Rc8 31. f4 Bc3 32. Rf1 gxf4+ 33. Kxf4 e6 34. Ne5+ Ke7 35. dxe6 Rf8+ 36. Ke4 Rxe6 37. Rxf8 Rxe5+ 38. Kd3 Rd5+ 39. Kxc3 Rxd1 40. Rf4 Rg1 41. Rd4 Rb1 42. a4 Kf6 43. Kc4 a5 44. Kc5 Kg5 45. Kc6 Rb4 46. Rd5+ Kxg4 47. Rxa5 Kf4 48. Kc5 Rb1 49. Rb5 Ra1 50. a5 Ke5 51. Kb6+ Kd6 52. a6 Kd7 53. Kb7 Rc1 54. a7 Rc7+ 55. Ka6 Rc8 56. Rb8 Rc6+ 57. Kb5 1-0